01574nam a22003857a 4500003000500000005001700005008004100022010000900063011000900072035000900081040000900090090001000099100003500109245016500144260004000309300001000349500001100359502010900370590003700479590004100516590004100557590004100598590004200639650003400681650004300715650002800758650003200786901000700818942000900825949004100834949004600875999001500921952012500936952012701061CHAP20220329133447.0971013s1992 r 00010 d a6622 a7594 a6817 cCHAP aTesis00aTec Cam. San Fermín.9111869 aFitotoxicidad de la pendimetalina y trifluralina al sorgo para grano (Sorghum bicolor (L.) Moench), aplicados en dos épocas y en banda, en Tepalcingo, Morelos aChapingo, Méx. :bEl autor,c1992 a43 h. a62-265 aTesis (Ing. Agr. Esp. en Parasitología Agrícola) -- UACH. Departamento de Parasitología Agrícola aALEPHb10c20130110lUCH01h1220 aBATCH-UPDb10c20130110lUCH01h1243 aBATCH-UPDb10c20130410lUCH01h0808 aBATCH-UPDb10c20130914lUCH01h1609 aCONVERSIONb10c20130109lUCH01h130514aHerbicidasxToxicidad.95370014aSorgoxMalas hierbasxControl.910869214aSorgoxMorelos.910869814aSorgoxRendimiento.9108714 aBK cFOLL bBCcTESd-16427eTS1h25531i6817si bBCcTESd-81719eTS2fc.2h25532i6817si c6622d6622 00102local4053708TESISaBCbBCcPA_TESISd2019-12-31fTESISl0p-81719r2019-12-31 00:00:00tc.2w2019-12-31yTESIS 00102local4051708TESISaBCbBCcPA_TESISd2019-12-31fTESISl0oTesisp-16427r2019-12-31 00:00:00w2019-12-31yTESIS